01024nam a2200145 a 4500008004100000020001500041100001900056245004400075250001100119260003300130300001100163500008100174505060800255655001500863180205e1994 ag ||||| |||| 00| 0 spa d a95004145381 aBarylko, Jaime aSabiduría de la vida /cJaime Barylko a1a ed. aBuenos Aires:bEMECE;c1994. a389 p. aBarylko, J. (1994) Sabiduría de la vida. (1a ed.). Buenos Aires : Emecé. aMientras busco el bienestar me pregunto cómo hago para estar bien. No es lo mismo. También sabemos decir amor, ¡pero qué difícil resultar! Estamos tan llenos de saber que no nos queda lugar para el sabor. Sabor, eso es sabiduría de la vida. Porque para los demás saberes, hay expertos. Pero de la vida, de la tuya, de la felicidad tan ansiada, de eso sólo puede haber sabiduría, reflexión del sabor. Y está a su alcance, a tu mano. Dámela. No pretendo marcarte el camino sino tan sólo inspirarte, darte un envión. Yo lo recibí alguna vez, y siento el deber de transmitirlo.  aLiteratura